000 01444nam a22002177a 4500
003 OSt
005 20260424163929.0
008 260424b |||||||| |||| 00| 0 eng d
020 _a9781032935959
040 _ckul
082 _a599.9 SCH.H
100 _aSchooneveldt, John.
_913916
245 _aThe Human Place in Nature:
_bEvolution, Context and Choice
260 _aNew York:
_bCRC Press,
_c2025.
300 _axvi, 196p.
520 _aThis book explores a new approach to understanding the evolution of mind and consciousness by examining the perceptual abilities of animals and the way they experience their world. It offers a science-based bottom-up approach to our own conscious worldview by seeing it through the eyes of others. Emphasis is on the role of context in evolution and the way animals internalize and engage with the contextual properties of their world that are meaningful for them. The core argument is that a context, which is subjective and comprised of the perceptual capacities, offers new insights into the evolution of mind. Rather than seeing biological evolution in terms of the emergence of mindless forms and cultural evolution as the emergence of disembodied minds, the book seeks to integrate these two perspectives through the rigorous mapping of contexts.
650 _aHuman Evolution
_913917
650 _aHuman Ecology
_913918
650 _aEvolutionary Psychology
_913919
942 _2ddc
_cBK
999 _c759030
_d759030